000 00238nam a2200097Ia 4500
001 807592
005 20250826171234.0
008 250824s9999 xx 000 0 und d
245 0 _aJURNAL 2
_cCEMİL MERİÇ
260 _bİLETİŞİM YAYINLARI
999 _c807592
_d807592